<?xml version="1.0" encoding="UTF-8"?>
<collection xmlns:xsi="http://www.w3.org/2001/XMLSchema-instance" xsi:schemaLocation="http://www.loc.gov/MARC21/slim http://www.loc.gov/standards/marcxml/schema/MARC21slim.xsd" xmlns="http://www.loc.gov/MARC21/slim">
 <record>
  <leader>00000caa a22000003a 4500</leader>
  <controlfield tag="001">UP-8027390931312519182</controlfield>
  <controlfield tag="003">Buklod</controlfield>
  <controlfield tag="005">20200415134050.0</controlfield>
  <controlfield tag="006">o--- |     ||   ||</controlfield>
  <controlfield tag="007">ta</controlfield>
  <controlfield tag="008">200415s        xx     d     r    |||| u|</controlfield>
  <datafield tag="035" ind1=" " ind2=" ">
   <subfield code="a">(iLib)UPCEB-00011919615</subfield>
  </datafield>
  <datafield tag="100" ind1="1" ind2=" ">
   <subfield code="a">Shih, M.</subfield>
  </datafield>
  <datafield tag="245" ind1="0" ind2="4">
   <subfield code="a">Perspectives and research on the positive and negative implications of having multiple racial identities.  [article].</subfield>
  </datafield>
  <datafield tag="300" ind1=" " ind2=" ">
   <subfield code="a">pp. 569-591</subfield>
  </datafield>
  <datafield tag="520" ind1=" " ind2=" ">
   <subfield code="a">Much attention has been directed toward understanding the impact having a multiracial background has on psychological well-being and adjustment. Past psychological research has focused on the challenges multiracial individuals confront in defining a racial identity. The implication is that these challenges lead to outcomes that are psychologically detrimental. However, evidence to support this assertion is mixed. The authors review qualitative and quantitative empirical research examining multiracial individuals' identity development, depression, problem behaviors, peer relationships, school performance, and self-esteem, finding support for detrimental outcomes only in studies sampling clinical populations. Studies on nonclinical samples find that multiracial individuals tend to be just as well-adjusted as their monoracial peers on most psychological outcomes. Earlier assertions of maladjustment may have been due to reliance on qualitative research that sampled clinical populations. Other implications and future research are discussed. --  (from the author)</subfield>
  </datafield>
  <datafield tag="773" ind1="0" ind2=" ">
   <subfield code="a">Psychological Bulletin.</subfield>
   <subfield code="g">vol. 131, 4.  2005.</subfield>
  </datafield>
  <datafield tag="942" ind1=" " ind2=" ">
   <subfield code="a">Analytics</subfield>
  </datafield>
 </record>
</collection>
